|
|
|
|
| LEADER |
01006naa a2200241 i 4500 |
| 001 |
acta87691 |
| 005 |
20250602110104.0 |
| 008 |
250602s2025 hu o 100 hun d |
| 020 |
|
|
|a 978-963-688-043-9
|
| 040 |
|
|
|a SZTE Egyetemi Kiadványok Repozitórium
|b hun
|
| 041 |
|
|
|a hun
|
| 100 |
1 |
|
|a Kovács Előd József
|
| 245 |
1 |
0 |
|a Kemény Zsigmond és Horatius?
|h [elektronikus dokumentum] :
|b [absztrakt] /
|c Kovács Előd József
|
| 260 |
|
|
|a Szegedi Tudományegyetem Bölcsészet- és Társadalomtudományi Kar
|b Szeged
|c 2025
|
| 300 |
|
|
|a 340
|
| 490 |
0 |
|
|a Országos Tudományos Diákköri Konferencia : Humán Tudományi Szekció
|
| 650 |
|
4 |
|a Bölcsészettudományok
|
| 650 |
|
4 |
|a Nyelvek és irodalom
|
| 695 |
|
|
|a Magyar irodalom története - 19. sz. - előadáskivonat
|
| 700 |
0 |
1 |
|a Kemény Zsigmond
|
| 700 |
0 |
2 |
|a Horatius Flaccus Quintus
|
| 710 |
|
|
|a Országos Tudományos Diákköri Konferencia (37.)
|c Szeged
|
| 856 |
4 |
0 |
|u http://acta.bibl.u-szeged.hu/87691/1/otdk_2025_human_340.pdf
|z Dokumentum-elérés
|